Design of machine elements (Record no. 28956)

000 -LEADER
fixed length control field 00500nam a22001931 4500
001 - CONTROL NUMBER
control field 28956
003 - CONTROL NUMBER IDENTIFIER
control field BD-DhUET
008 - FIXED-LENGTH DATA ELEMENTS--GENERAL INFORMATION
fixed length control field 721124s1965 nyua b 000 0 eng
040 ## - CATALOGING SOURCE
Original cataloging agency DLC
Transcribing agency OAU
Modifying agency BD-DhUET
082 ## - DEWEY DECIMAL CLASSIFICATION NUMBER
Classification number 621.815
Item number FAI/1965
100 ## - MAIN ENTRY--PERSONAL NAME
Personal name Faires, Virgil Moring
245 10 - TITLE STATEMENT
Title Design of machine elements
250 ## - EDITION STATEMENT
Edition statement 4th ed.
260 ## - PUBLICATION, DISTRIBUTION, ETC. (IMPRINT)
Place of publication, distribution, etc. New York
Name of publisher, distributor, etc. Macmillan
Date of publication, distribution, etc. 1965
300 ## - PHYSICAL DESCRIPTION
Extent xxviii, 624 p.
Other physical details ill.
Dimensions 25 cm.
504 ## - BIBLIOGRAPHY, ETC. NOTE
Bibliography, etc Includes bibliographies
650 #0 - SUBJECT ADDED ENTRY--TOPICAL TERM
Topical term or geographic name as entry element Machine design
942 ## - ADDED ENTRY ELEMENTS (KOHA)
Koha item type General Book
Holdings
Shelving location Piece designation (barcode) Withdrawn status Price effective from Koha date last seen Damaged status Koha full call number Copy number Lost status Sublocation or collection (holding branch) Koha normalized classification for sorting Source of classification or shelving scheme Koha item type Date acquired Not for loan Location (home branch)
Reading section63059 2015-06-142015-06-14 621.815/FAI/19651 Central Library, BUET621_815000000000000_FAI_1965 Reading Item2015-06-14 Central Library, BUET
Reading section50915 2015-06-202015-06-20 621.815/FAI/19652 Central Library, BUET621_815000000000000_FAI_1965 Reading Item2015-06-20 Central Library, BUET
Reading section50916 2015-06-202015-06-20 621.815/FAI/19653 Central Library, BUET621_815000000000000_FAI_1965 Reading Item2015-06-20 Central Library, BUET
Reading section 55289 2015-06-252015-06-25 621.815/FAI/19654 Central Library, BUET621_815000000000000_FAI_1965 Reading Item2015-06-25 Central Library, BUET
Reading section63062 2015-06-252015-06-25 621.815/FAI/19655 Central Library, BUET621_815000000000000_FAI_1965 Reading Item2015-06-25 Central Library, BUET